| 000 | 00705nam a2200229 a 4500 | ||
|---|---|---|---|
| 999 |
_c3682 _d3682 |
||
| 001 | 3682 | ||
| 003 | BD-JhCC | ||
| 005 | 20171116165128.0 | ||
| 008 | 171116s2005 bg a|||| ||a| 000 0 ben d | ||
| 020 | _a9848065547 | ||
| 035 | _a(BD-JhCC)3682 | ||
| 040 |
_aBD-JhCC _dBD-JhCC |
||
| 041 | _aben | ||
| 082 |
_a891.4415 _bBIS 2005 |
||
| 245 |
_aবৃষ্টিকে নিয়ে রুপকথা / _cহাসান ফেরদৌস সম্পাদক |
||
| 260 |
_aঢাকা : _bপ্যাপিরাস, _c২০০৫. |
||
| 300 |
_a63 p. : _bill. ; _c22 cm. |
||
| 650 | _aCollection Of Poetry | ||
| 700 | _aফেরদৌস, হাসান | ||
| 942 |
_2ddc _cBK |
||